|
|
|
|
| LEADER |
00000nam0a2200000 4500 |
| 001 |
14238 |
| 005 |
20231101204933.0 |
| 035 |
|
|
|a (RuTPU)RU\TPU\book\14329
|
| 035 |
|
|
|a BOOK00014397
|
| 090 |
|
|
|a 14238
|
| 100 |
|
|
|a 20011209d1999 m y0rusy50 ca
|
| 101 |
0 |
|
|a eng
|
| 102 |
|
|
|a RU
|
| 105 |
|
|
|a y j 000zy
|
| 200 |
1 |
|
|a General Chemistry
|e Textbook
|f A. A. Vasiliev
|g Tomsk Polytechnic University (TPU)
|
| 210 |
|
|
|a Tomsk
|c TPU Press
|d 1999
|
| 215 |
|
|
|a 164 p.
|
| 606 |
1 |
|
|a Английский язык
|x Учебные руководства и пособия
|x Хрестоматии, книги для чтения технические
|2 stltpush
|3 (RuTPU)RU\TPU\subj\29076
|
| 606 |
1 |
|
|a Химия
|2 stltpush
|3 (RuTPU)RU\TPU\subj\17362
|9 43035
|
| 610 |
1 |
|
|a учебные пособия
|
| 610 |
1 |
|
|a книги для чтения
|
| 610 |
1 |
|
|a хрестоматии
|
| 675 |
|
|
|a 54(075.8)
|v 3
|
| 686 |
|
|
|a Ш143.21-923.81я73
|v LBC/SL-A
|2 rubbk
|
| 700 |
|
1 |
|a Vasiliev
|b A. A.
|g Anatoly A.
|
| 712 |
0 |
2 |
|a Tomsk Polytechnic University (TPU)
|2 stltpush
|3 (RuTPU)RU\TPU\col\452
|
| 801 |
|
0 |
|a RU
|b 63413507
|c 20011209
|g PSBO
|
| 801 |
|
2 |
|a RU
|b 63413507
|c 20180706
|g PSBO
|
| 942 |
|
|
|c BK
|